Bibliography of Nigerian sculpture. (Record no. 179981)
[ view plain ]
| 000 -LEADER | |
|---|---|
| fixed length control field | 00680cam3a220021700 4500 |
| 001 - CONTROL NUMBER | |
| control field | lce00156749 |
| 008 - FIXED-LENGTH DATA ELEMENTS--GENERAL INFORMATION | |
| fixed length control field | 700513s1968 nr b 000 0 eng |
| 010 ## - LIBRARY OF CONGRESS CONTROL NUMBER | |
| LC control number | 76232858 |
| 035 ## - SYSTEM CONTROL NUMBER | |
| System control number | (Sirsi) r64744 |
| 035 ## - SYSTEM CONTROL NUMBER | |
| System control number | (DLC) 76232858 |
| 035 ## - SYSTEM CONTROL NUMBER | |
| System control number | (UPRA)lce00156749 |
| 040 ## - CATALOGING SOURCE | |
| Modifying agency | UPRA |
| 050 0# - LIBRARY OF CONGRESS CALL NUMBER | |
| Classification number | Z5954.N5 |
| Item number | O83 |
| 082 ## - DEWEY DECIMAL CLASSIFICATION NUMBER | |
| Classification number | 016.730/9669 |
| 100 1# - MAIN ENTRY--PERSONAL NAME | |
| Personal name | Osundina, Oyeniyi. |
| Linkage | A24662.1 |
| 245 10 - TITLE STATEMENT | |
| Title | Bibliography of Nigerian sculpture. |
| 260 ## - PUBLICATION, DISTRIBUTION, ETC. | |
| Place of publication, distribution, etc. | [Lagos] : |
| Name of publisher, distributor, etc. | University of Lagos Library, |
| Date of publication, distribution, etc. | [1968] |
| 650 #0 - SUBJECT ADDED ENTRY--TOPICAL TERM | |
| Topical term or geographic name entry element | Sculpture, Nigerian -- Bibliography. |
| General subdivision | Sculpture, Nigerian -- Bibliography. |
| Linkage | S17838.1 |
| 949 ## - LOCAL PROCESSING INFORMATION (OCLC) | |
| a | Z5954.N5 |
| w | lcc |
| i | -86382 |
| m | MAIN |
| t | BOOK |
| l | ON-SHELF |
No items available.